Contribution à l’amélioration de la qualité des inventaires des gaz à effet de serre au bénin : secteur de l’agriculture (Record no. 52543)
[ view plain ]
| 000 -LEADER | |
|---|---|
| fixed length control field | 00530nam a22001457a 4500 |
| 003 - CONTROL NUMBER IDENTIFIER | |
| control field | 0 |
| 005 - DATE AND TIME OF LATEST TRANSACTION | |
| control field | 20160609172241.0 |
| 008 - FIXED-LENGTH DATA ELEMENTS--GENERAL INFORMATION | |
| fixed length control field | 130813t xxu||||| |||| 00| 0 eng d |
| 040 ## - SOURCE DU CATALOGAGE | |
| Original cataloging agency | BUAC |
| Language of cataloging | Fr |
| Transcribing agency | BEPAC |
| 100 ## - VEDETTE PRINCIPALE - NOM DE PERSONNE | |
| Personal name | DOSSA, Adjossi Fleur Eunice |
| 9 (RLIN) | 26315 |
| 245 ## - TITLE STATEMENT | |
| Title | Contribution à l’amélioration de la qualité des inventaires des gaz à effet de serre au bénin : secteur de l’agriculture |
| Statement of responsibility, etc | DOSSA, Adjossi Fleur Eunice |
| 260 ## - PUBLICATION, DISTRIBUTION, ETC. (IMPRINT) | |
| Place of publication, distribution, etc | Abomey-Calavi |
| Name of publisher, distributor, etc | Ecole Polytechnique d’Abomey-Calavi |
| Date of publication, distribution, etc | 2006 |
| 300 ## - PHYSICAL DESCRIPTION | |
| Extent | 81 p. |
| 942 ## - ADDED ENTRY ELEMENTS (KOHA) | |
| Koha item type | Thèse et Memoire |
| Withdrawn status | Lost status | Damaged status | Not for loan | Location (home branch) | Sublocation or collection (holding branch) | Date acquired | Source of acquisition | Koha issues (times borrowed) | Koha full call number | Piece designation (barcode) | Koha date last seen | Copy number | Price effective from | Koha item type |
|---|---|---|---|---|---|---|---|---|---|---|---|---|---|---|
| Bibliothèque Ecole Polytechnique d'Abomey-Calavi | Bibliothèque Ecole Polytechnique d'Abomey-Calavi | 13/08/2013 | EPAC | 26.APE/DOS | M19373EPAC | 13/08/2013 | 1 | 13/08/2013 | Thèse et Memoire |